000
00325nam a2200133Ia 4500
008
100328s9999 xx 000 0 und d
082
_b
72191
100
_a
कुरळे श्याम.
245
_a
फिरकी
260
_b
अजब.
630
_a
फिरकी
730
_a
फिरकी
942
_c
BOOK
999
_c
557913
_d
557910